000 00681cam a2200241 4500
001 J2660
008 090401t1994 xxu||||| |||| 00| 0 eng d
035 _a(Sirsi) u50319
041 _aeng
050 _a692.8
110 _aNational Joint Consultative Committee for Building
_9994
245 _aJoint venture tendering for contracts in the United Kingdom
250 _aRevised ed.
260 _aLondon
_bRIBA Publications
_c1994
300 _a4p. ; 30cm
350 _a3
490 _aGuidance Note
_v1
650 _aJOINT VENTURE TENDERING
650 _aNJCC GUIDANCE NOTE 1
690 _aBUILT ENVIRONMENT-BUILDING CONTRACT FORMS
942 _n0
948 _c04/03/1997
999 _c92689
_d92689